| 000 | 00819cab a2200205 4500 | ||
|---|---|---|---|
| 001 | ABS38828 | ||
| 008 | 090401t1987 xxu||||| |||| 00| 0 eng d | ||
| 035 | _a(Sirsi) u12601 | ||
| 041 | _aeng | ||
| 100 | _aHancock, M. | ||
| 245 | _aIn comparison I and II | ||
| 260 | _c1987 | ||
| 350 | _a0 | ||
| 490 |
_aChartered Quantity Surveyor _v10(4) December 1987, 18-19 |
||
| 520 | _aTwo-part article which views differences between the working environments of quantity surveyors who work in private practice and those who work for local authorities. Discusses accountability to clients and competition and considers advertising , referring throughout to the RICS regulations. | ||
| 650 | _aABOUT RICS-RICS MEMBERS | ||
| 690 | _aMANAGEMENT-BUSINESS MANAGEMENT-PROFESSIONAL PRACTICE | ||
| 942 | _n0 | ||
| 948 | _c04/03/1997 | ||
| 999 |
_c8054 _d8054 |
||